| 000 | 00000nam 2200000zi 4500 |
| 001 | 9.891640 |
| 003 | CaOODSP |
| 005 | 20221107172935 |
| 006 | m o d f |
| 007 | cr mn||||||||| |
| 008 | 200921s1997 onca ob f000 0 eng d |
| 040 | |aCaOODSP|beng|erda|cCaOODSP |
| 086 | 1 |aCo24-3/8-1997-1E-PDF |
| 100 | 1 |aPatenaude, François, |d1962- |eauthor. |
| 245 | 10|aSpectrum surveillance : |bsystem architecture / |cFrançois Patenaude, Martial Dufour. |
| 264 | 1|aOttawa, Ontario : |bCommunications Research Centre = Centre de recherches sur les communications, |c1997. |
| 300 | |a1 online resource (35 pages) : |billustrations. |
| 336 | |atext|btxt|2rdacontent |
| 337 | |acomputer|bc|2rdamedia |
| 338 | |aonline resource|bcr|2rdacarrier |
| 490 | 1 |a[CRC technical note] ; |vCRC-TN-97-001 |
| 500 | |aIssued also in French under title: Surveillance du spectre : architecture du système. |
| 500 | |a"Ottawa, Canada, 15 April 1997." |
| 500 | |aDigitized edition from print [produced by Innovation, Science and Economic Development Canada]. |
| 504 | |aIncludes bibliographical references (pages 34-35). |
| 530 | |aIssued also in print format. |
| 650 | 0|aSignal processing|xDigital techniques|xEquipment and supplies. |
| 710 | 2 |aCommunications Research Centre (Canada), |eissuing body. |
| 775 | 08|tSurveillance du spectre : |w(CaOODSP)9.891677 |
| 830 | #0|aCRC technical note ;|vno. 97-001.|w(CaOODSP)9.882494 |
| 856 | 40|qPDF|s1.97 MB|uhttps://publications.gc.ca/collections/collection_2020/isde-ised/Co24/Co24-3-8-1997-1-eng.pdf |